000
00272nam a2200121Ia 4500
008
221030s9999 xx 000 0 und d
041
_a
English
100
_a
B KOSKO
245
0
_a
Neural Networks & Fuzzy Systems
_c
by B KOSKO
260
_c
0
650
_a
Mc
942
_c
BK
999
_c
14169
_d
14169